Θησαύρισμα λαογραφικό : τα μνημεία του λόγου από το Άστρος Κυνουρίας
Αποθηκεύτηκε σε:
| Κύριος συγγραφέας: | |
|---|---|
| Μορφή: | Βιβλίο |
| Γλώσσα: | Greek |
| Δημοσίευση: |
Αθήνα :
[χ.ό.],
1985.
|
| Θέματα: | |
| Ετικέτες: |
Προσθήκη ετικέτας
Δεν υπάρχουν, Καταχωρήστε ετικέτα πρώτοι!
|
MARC
| LEADER | 00000cam a2200000 a 4500 | ||
|---|---|---|---|
| 001 | 1/120020 | ||
| 008 | 190926s1985####gr | ||| |||| ||gre|| | ||
| 040 | |a GR-MyUa |b gre |c GR-MyUa |e AACR2 | ||
| 041 | 0 | |a gre | |
| 082 | 7 | |a 398.9 |2 (23) | |
| 100 | 1 | |a Αρβανίτης, Ιωάννης Μ. | |
| 245 | 1 | 0 | |a Θησαύρισμα λαογραφικό : |b τα μνημεία του λόγου από το Άστρος Κυνουρίας / |c Ιωάννη Μ. Αρβανίτη ; βασική πηγή: Σμαράγδη Μ. Αρβανίτη. |
| 260 | |a Αθήνα : |b [χ.ό.], |c 1985. | ||
| 300 | |a 2 τ. : |b φωτ., ; |c 25 εκ. | ||
| 504 | |a Περιλαμβάνει βιβλιογραφικές παραπομπές. | ||
| 505 | 8 | |a Τ.1. Ποιητικά και πεζά κείμενα -- τ.2. Παροιμίες - γλωσσάριο | |
| 650 | 0 | |a Folklore |z Greece. | |
| 740 | 0 | |a Ποιητικά και πεζά κείμενα | |
| 740 | 0 | |a Παροιμίες - γλωσσάριο | |
| 852 | |a INST |b RHODES |c AKA |e 20190926 |h 398.9 ΑΡΒ |p 005400041152 |q 005400041152 |t BK |v τομ.1: |y 0 | ||
| 853 | |a INST |b RHODES |c AKA |h 398.9 ΑΡΒ | ||
| 920 | |a Ακαδημία Ρόδου |y Ρόδος |z 2019-09 | ||
| 970 | |z 26-09-2019 | ||